Welcome to CU Library Online Public Access Catalogue (OPAC)

Microsoft Office Excel 2003 (Record no. 9164)

MARC details
000 -LEADER
fixed length control field 00480nam a22001577a 4500
005 - DATE AND TIME OF LATEST TRANSACTION
control field 20260325181530.0
008 - FIXED-LENGTH DATA ELEMENTS--GENERAL INFORMATION
fixed length control field 260325b |||||||| |||| 00| 0 eng d
020 ## - INTERNATIONAL STANDARD BOOK NUMBER
International Standard Book Number 9781418842949
050 ## - LIBRARY OF CONGRESS CALL NUMBER
Classification number HF5548.4
Item number .M523
100 ## - MAIN ENTRY--PERSONAL NAME
Personal name Reding, Elizabeth Eisner
245 ## - TITLE STATEMENT
Title Microsoft Office Excel 2003
Remainder of title brief
250 ## - EDITION STATEMENT
Remainder of edition statement illustrated, coursecard edition
260 ## - PUBLICATION, DISTRIBUTION, ETC.
Place of publication, distribution, etc. Australia
Name of publisher, distributor, etc. Thomson Course Technology
Date of publication, distribution, etc. 2006
300 ## - PHYSICAL DESCRIPTION
Extent viii. various paging
Other physical details ill. color
Dimensions 27.5cm
942 ## - ADDED ENTRY ELEMENTS (KOHA)
Source of classification or shelving scheme Library of Congress Classification
Koha item type Books
Suppress in OPAC No
999 ## -
-- 9164
-- 9164

No items available.

© 2023-2024 Copyright: Central University Libraries. All Rights Reserved | Created by: Mahone Tech Office